000
00215 a2200097 4500
020
_a
9789390742172
100
_a
Koral Dasgupta
245
_a
Kunti: the Sati series II
260
_b
Pan Macmillan
_c
2021
942
_c
OO
999
_c
116065
_d
116064